01944 a2200181 4500999001700000020001800017082001600035245009200051250002800143260003000171300001400201504001800215520129200233650004801525700002601573942001201599952015101611 c26465d26465 a9780815349525 a001.4bACT- aAction Research, Innovation and Changeb: International Perspectives Across Disciplines aSpecial Indian Edition  bRoutledge c2017aLondon axvi,230p. aInclude Index aAction research continues to see a growth in interest both internationally and across disciplines. This book demonstrates the diversity in settings and focus for action research and provides a guide to its core aspiration: to achieve principled change. Written by authors from a range of countries and range of disciplines (including education, health care, palliative care, social work and community development), this book answers these key questions: How can action research be used to achieve principled change? How has action research been applied in various disciplines and in different countries? What can be learnt about the conduct of action research from these diverse settings? By means of detailed case studies of successful projects and discussions that challenge and raise theoretical questions, this book explores some of the contemporary cutting edge applications and conceptualisations of action research. Action research paves the way for the empowerment of people involved in social action, and the examples of successful change processes that are the core of this book will prove inspirational and provide practical advice. Written by a range of leading international researchers in the field, this book will define the future for action research for years to come. aEducationvResearch MethodvAction Research aStren, Thomas (et.al) 2ddccBK 00104070aNASSDOCbNASSDOCd2021-02-01eOverseas Press India Pvt. Ltdg653.35l0o001.4 ACT-p51188r2021-02-01 00:00:00v895.00w2021-02-01yBK